ARRUPE JESUIT UNIVERSITY

CORONAVIRUS -STOP THE SPREAD - CLEAN,DISINFECT,COVER

One earth many religions (Record no. 7880)

MARC details
000 -LEADER
fixed length control field 00529nam a2200217Ia 4500
003 - CONTROL NUMBER IDENTIFIER
control field 0100
008 - FIXED-LENGTH DATA ELEMENTS--GENERAL INFORMATION
fixed length control field 130303s9999 xx 000 0 und d
020 ## - INTERNATIONAL STANDARD BOOK NUMBER
International Standard Book Number 1570750378
040 ## - CATALOGING SOURCE
Transcribing agency ARRUPELIB
050 ## - LIBRARY OF CONGRESS CALL NUMBER
Classification number BL410.K551995
300 ## - PHYSICAL DESCRIPTION
Other physical details 218 p. 24 cm
100 ## - MAIN ENTRY--PERSONAL NAME
Personal name Knitter, Paul F
245 ## - TITLE STATEMENT
Title One earth many religions
245 ## - TITLE STATEMENT
Remainder of title multifaith dialogue and global responsibility
260 ## - PUBLICATION, DISTRIBUTION, ETC. (IMPRINT)
Place of publication, distribution, etc Maryknoll, New York
260 ## - PUBLICATION, DISTRIBUTION, ETC. (IMPRINT)
Name of publisher, distributor, etc Orbis Books
260 ## - PUBLICATION, DISTRIBUTION, ETC. (IMPRINT)
-- 1995
300 ## - PHYSICAL DESCRIPTION
Extent xiv
700 ## - ADDED ENTRY--PERSONAL NAME
Personal name Paul F. Knitter
942 00 - ADDED ENTRY ELEMENTS (KOHA)
Koha issues (borrowed), all copies 7
Holdings
Withdrawn status Lost status Source of classification or shelving scheme Damaged status Not for loan Home library Current library Shelving location Date acquired Total Checkouts Full call number Barcode Date last seen Date checked out Copy number Price effective from Koha item type
    Library of Congress Classification     ARRUPE LIBRARY ARRUPE LIBRARY   04/03/2013 17 BL410.K551995 46003088318 03/11/2016 24/10/2016 1 04/03/2013 Monograph ( Printed materials)

 

Arrupe Library. PO Box MP320 Mt Pleasant, Harare, Zimbabwe
263 242 745411|librarian@aju.ac.zw